000 00883cam a22002897a 4500
003 CHAP
005 20220329135119.0
008 971013s1939 r 00010 d
010 _a31142
011 _a32114
035 _a36227
040 _cCHAP
082 _a581.1072
_bL66
100 0 0 _aLoomis, Walter E.
_967621
245 0 _aExperiments in plant physiology
_b: a laboratory textbook
260 _aNew York :
_bMcGraw-Hill,
_c1939
300 _a213 p.
590 _aBATCH-UPD
_b10
_c20130110
_lUCH01
_h1943
590 _aBATCH-UPD
_b10
_c20130410
_lUCH01
_h1306
590 _aBATCH-UPD
_b10
_c20130914
_lUCH01
_h0730
590 _aCONVERSION
_b10
_c20130109
_lUCH01
_h1318
650 1 4 _aBotánica
_xManuales de laboratorio.
_914584
700 0 _aShull, Charles A.
_9105778
901 _aBK
942 _cLIBRO
949 _a581.1072 L66
_bBC
_cBPP
_d-83433
_eBPP
_h9277
_i36227
_si
_t9.70
999 _c31142
_d31142